| 000 | 00552nam a22001577a 4500 | ||
|---|---|---|---|
| 003 | SGT | ||
| 020 | _a9789382956372 | ||
| 082 | _a337,RAN | ||
| 100 | _aRANA,K.C. | ||
| 245 | _aINTERNATIONAL ECONOMICS | ||
| 260 |
_aNEW DELHI _bVPC _c2015-2016 |
||
| 300 | _a581 | ||
| 650 | _aINTERNATIONAL ECONOMICS | ||
| 653 | _aINTRODUCTION TO INTERNATIONAL ECONOMICS,THE CLASSICAL COMPARATIVE COSTS THEORY,INTERNATIONAL TRADE EQUILIBRIUM,THE OPPORTUNITY COST THEORY,THE HECKSCHER-OHLIN THEORY,INTRA-INDUSTRY TRADE,POLITICAL ECONOMY OF PROTECTION | ||
| 942 |
_2ddc _cFCM |
||
| 999 |
_c8905 _d8905 |
||